| 000 | 01713nam a2200349 c 4500 | ||
|---|---|---|---|
| 003 | BLK | ||
| 005 | 20180422111235.0 | ||
| 008 | 180409b bul|||||r ||||||| ||bul|| | ||
| 010 | _aKNG00132789000 | ||
| 040 | _aBLK | ||
| 041 |
_aBUL _cBUL |
||
| 080 |
_aМикробиология. Вж и 663 _b579 _x(075.8) _z579(075.8) |
||
| 100 | 1 |
_aБешков, Милен Николов _eпърви автор _9286759 |
|
| 700 | 1 |
_aКарова, Елена Атанасова _eсъавт. _9377727 |
|
| 700 | 1 |
_aМургов, Иван Димов _eсъавт. _9374380 |
|
| 139 |
_aБешков, Милен Николов и др. _bБ 43 |
||
| 245 | 1 | 0 |
_aРъководство за упражнения по микробиология _bЗа студентите от ВИХВП - Пловдив _cМилен Николов Бешков; съавт. Елена Атанасова Карова; съавт. Иван Димов Мургов. |
| 250 | _a3. прераб. и доп. изд. | ||
| 257 | _aBGR | ||
| 260 |
_аСофия _bЗемиздат _c1986 _fПловдив : Д. Благоев |
||
| 300 |
_a156 с. _bс ил. _c24 см |
||
| 380 | _a5 | ||
| 500 | _a1. изд. 1970 със загл. Практическо ръководство по микробиология. - 2 284 тир. - Библиогр. с. 152-153. | ||
| 650 | 4 |
_aМикробиология - учебници за ВУЗ _9242072 |
|
| 653 | _aмикробиология | ||
| 653 | _aучебници за ВУЗ | ||
| 852 | _aЦб 144360 | ||
| 856 | 4 |
_qpdf _u |
|
| 856 | 4 |
_qpdf _u |
|
| 942 |
_cKNG _n0 |
||
| 944 |
_aCR _c13.08.2012 _l13.08.2012 - от С1,Р / 13.08.2012 _kНаталия_Медовщикова |
||
| 944 |
_aED _c03.10.2013 _l13.08.2012 - от С1,Р / 13.08.2012 _k |
||
| 999 |
_c127091 _d127091 |
||